000 00727nam a2200217Ia 4500
001 15835
003 GE_BSU
008 181216s||||||||xx |||||||||||||| ||und||
040 _cGE_BSU
080 _a821.353.1-31
100 _aჭილაძე, ო. (ოთარ, 1933-2009)
245 _aგზაზე ერთი კაცი მიდიოდა
245 _bრომანი
245 _cრედ. ი.ორჯონიკიძე. მხ. სპ. ცინცაძე
260 _aთბილისი
260 _bმერანი
300 _a613 გვ. ; 20 სმ
653 _aგზაზე ერთი კაცი მიდიოდა
653 _aრომანი
942 _cBK
999 _c48932
_d48932